LIBRARY & INFORMATION CENTRE, KCAET, TAVANUR

ONLINE PUBLIC ACCESS CATALOGUE (OPAC)

WHO expert committee on biological standardisation / (Record no. 4774)

MARC details
000 -LEADER
fixed length control field 01303cam a2200193ua 4500
041 ## - LANGUAGE CODE
Language code of text/sound track or separate title eng
082 ## - DEWEY DECIMAL CLASSIFICATION NUMBER
Classification number 574
Item number WHO/WH
245 ## - TITLE STATEMENT
Title WHO expert committee on biological standardisation /
260 ## - PUBLICATION, DISTRIBUTION, ETC. (IMPRINT)
Place of publication Geneva :
Name of publisher World Health Organisation ,
Year of publication 1964.
300 ## - PHYSICAL DESCRIPTION
Number of Pages 90 ; .
490 0# - SERIES STATEMENT
Series statement WHO Technical Reports,
Volume number/sequential designation 274
942 ## - ADDED ENTRY ELEMENTS (KOHA)
Koha item type Books
Holdings
Withdrawn status Lost status Damaged status Home library Current library Date acquired Full call number Accession Number Koha item type
Withdrawn     KAUAET KAUAET 07/04/2012 574 7643 Books
free website counter